000 00997cam a22002055a 4500
001 L140797
008 071011s1923 xxk eng u
035 _a(Sirsi) u140797
041 0 _aeng
110 2 _aKnight Frank and Rutley
_91990
245 0 4 _aThe singularly interesting freehold residential property known as Gadshill Place the home of Charles Dickens from 1857 to 1870
_bto be offered for sale by auction by Messrs. Knight Frank and Rutley...on Thursday the 26th day of July 1923...
260 _aS.l.
_bs.n.
_c[1923]
300 _a17 p.
_ill., col. plan
_c25 cm. +
_e4 sheets (31 x 20 cm., or smaller)
340 _aPrinted
351 _cSingle item
500 _aItem is accompanied by typewritten note about Gadshill Place dated 10 July 1923 and an extract from the Kentish Estates Journal entitled 'Dickens and Kent' stamped with the date 14 July 1923.
651 4 _aKent
690 _aPROPERTY-PROPERTY ACQUISITION AND DISPOSAL-ACQUISITION AND DISPOSAL AT AUCTION
942 _n0
999 _c116490
_d116490